000 00672nam a2200229 a 4500
999 _c3997
_d3997
001 3997
003 BD-JhCC
005 20171120192413.0
008 171120s2005 bg a|||| ||a| 000 0 ben d
020 _a9843108140
035 _a(BD-JhCC) 3997
040 _aBD-JhCC
_dBD-JhCC
041 _aben
082 _a891.443
_bHAN 2005
100 _aহান্নান, মোহাম্মদ
245 _aভূত নিয়ে মনোসিনেশন /
_c মোহাম্মদ হান্নান
260 _aঢাকা :
_bউত্তরণ ,
_c2005
300 _a24 p .:
_c25 cm .
650 _aChildren Novel
942 _2ddc
_cBK